000 00259nam a2200097Ia 4500
001 867567
005 20250826175609.0
008 250824s9999 xx 000 0 und d
245 0 _aUZAYLI SEBZELER MÜZİKTEN ANLAR MI
_cZEYNEP AKYILDIZ
260 _bCEZVE YAYINLARI
999 _c867567
_d867567